00527nam a22001457a 4500040000900000082001200009100001700021110003400038245009900072260004400171650003100215942001300246999001900259952010300278 cNUST a200 THE aQurat-ul-ain aSupervisor Dr. Arslan Shaukat aTH-SOF-1998-NLP based Model for Classification of Complaints Autonomous and Intelligent System aISLAMABAD:bNUST COLLEGE OF EME,c2022. aMS-COMPUTER ENGINEERING-19 2ddccTHE c590241d590241 00102ddc4070aCEMEbCEMEcTHEd2022-06-28l0o200 THEpTH-SOF-1998r2022-06-28w2022-06-28yREF